| 000 | 00911nam0a2200265 4500 | ||
|---|---|---|---|
| 001 | RU\NLR\BIBL_A\022437315 | ||
| 005 | 20250806205129.0 | ||
| 035 | _a(NLR Aleph) 022437315 | ||
| 090 |
_a73666 _c73666 |
||
| 100 | _a20250128d1942 m y0rusy50 ca | ||
| 101 | 0 | _akaz | |
| 102 | _aKZ | ||
| 105 | _ay z 000 y | ||
| 181 | 0 |
_ai _baxxe |
|
| 182 | 0 | _an | |
| 200 | 1 |
_aБiз жеңемiз _eотан қорғау өлеңдерi _fСәбит Мӯканов |
|
| 203 |
_aТекст _bвизуальный _cнепосредственный |
||
| 210 |
_aАлматы _cҚазақтың мемелекеттiк бiрiккен баспасы _d1942 |
||
| 215 |
_a69, [2] с. _d17 |
||
| 541 | 1 |
_aМы победим _zrus |
|
| 700 | 1 |
_aМуканов _bС.М. _gСабит Муканович _4070 |
|
| 942 | _cBOOK | ||
| 945 | _aРоссийская национальная библиотека | ||
| 980 | _aBV | ||